Финансовый менеджмент: Пособие для подготовки к экзамену

Dettagli Bibliografici
Autore principale: Гвоздев Б. З. Борис Зиновьевич
Riassunto:Исключено из фонда НТБ ТПУ
Lingua:russo
Pubblicazione: Москва, Экмос, 2003
Natura: MixedMaterials Libro
KOHA link:https://koha.lib.tpu.ru/cgi-bin/koha/opac-detail.pl?biblionumber=52171

MARC

LEADER 00000nam0a2200000 4500
001 52171
005 20231031041306.0
010 |a 5946870440 
035 |a (RuTPU)RU\TPU\book\54647 
090 |a 52171 
100 |a 20030523d2003 m y0rusy50 ca 
101 0 |a rus 
102 |a RU 
105 |a a j 000zy 
200 1 |a Финансовый менеджмент  |e Пособие для подготовки к экзамену  |f Б. З. Гвоздев 
210 |a Москва  |c Экмос  |d 2003 
215 |a 271 с.  |c ил. 
333 |a Исключено из фонда НТБ ТПУ 
686 |a У9(2)261.11я73  |2 rubbk 
700 1 |a Гвоздев  |b Б. З.  |g Борис Зиновьевич 
801 1 |a RU  |b 63413507  |c 20030523  |g PSBO 
801 2 |a RU  |b 63413507  |c 20210614  |g PSBO 
942 |c BK